000 00627cam a22002173a 4500
001 37167
003 PGUSA
005 20140828083821.0
008 110823s2011||||xxu|||||s|||||000 | eng d
040 _aPGUSA
_beng
042 _adc
100 1 _aDouglas, Alan
245 1 0 _aWoodcraft; Or, How a Patrol Leader Made Good
_h[electronic resource] /
_cAlan Douglas
260 _bProject Gutenberg,
_c2011
506 _aPublic domain in the USA.
516 _aElectronic text
700 1 _aCaswell, Edward C.,
_d1879-1963
830 0 _aProject Gutenberg
_v37167
856 4 0 _uhttp://www.gutenberg.org/ebooks/37167
942 _cEB
999 _c266421
_d266421